LEADER 01454aam a2200301 u 4500 001 000000015107 003 CaOOAMICUS 005 20110328132158.0 008 940513s1983 enk u000 u eng u 020 $a0870781178 035 $a10355020 040 $aEFR(R)$bita 100 1 $aMarkus, R. A.$q(Robert Austin),$d1924-$0(OLS)http://pul/name/13928 240 10$aSelections$9(Markus, R. A. (Robert Austin), 1924-).$0(OLS)http://pul/title/21682 245 10$aFrom Augustine to Gregory the Great :$bhistory and Christianity in late antiquity /$cR. A. Markus. 260 $aLondon :$bVariorum reprints,$c1983. 300 $a[318] p. en pagination multiple :$bant. (ritr.) ;$c23 cm 490 1 $aCollected studies series ;$vCS169 500 $aRéimpr. anastatique d'articles parus dans diverses revues. 650 4$aChiesa$zStoria$yChiesa primitiva, ca. 30-600$xCronologia.$0(OLS)http://pul/subject/13115 830 0$aCollected studies series ;$vCS169.$0(OLS)http://pul/title/72 850 $aPUL 852 $aPUL$W1$xSL Filosofia 1$y2$m105 E 36$j21178$nBK-PRI$b $qStampati$B21178$CPULBib$Z2$F21178 $H $81 941 1 $a8 961 $aINV: 54127 996 $6020$a0870781178$9(OLS)http://pul/number/19192 996 $6245$aFrom Augustine to Gregory the Great :$bhistory and Christianity in late antiquity$9(OLS)http://pul/title/21683 996 $6260$aLondon :$bVariorum reprints$9(OLS)http://pul/publisher/62198 LEADER 01387nam a2200337 a 4500 001 000000133037 003 CaOOAMICUS 005 20130307110223.0 008 130306s2012 it u000 u ita r 020 $a978-88-382-4184-0 040 $aPUL$bita 082 04$a194 100 1 $aCampanini, Giorgio,$d1930-$0(OLS)http://pul/name/113 245 10$aMounier :$beredità e prospettive /$cGiorgio Campanini. 260 $aRoma :$bStudium,$c2012. 300 $a297 p. ;$c21 cm. 490 1 $aCultura.$aNuova serie ;$v11 490 1 $aLa dialettica ;$v4 504 $aBibliografia in nota. 600 14$aMounier, Emmanuel,$d1905-1950$xPensiero politico e sociale.$0(OLS)http://pul/subject/23499 650 4$aFilosofia$zFrancia$ySec. XX.$0(OLS)http://pul/subject/23193 830 0$aCultura (Studium).$pNuova serie ;$v11.$0(OLS)http://pul/title/163646 830 3$aLa dialettica ;$v4.$0(OLS)http://pul/title/168078 850 $aPUL 852 $aPUL$W1$xSL Filosofia 3$y81$m194 CAMGI 1$j152959$qDDC 21$B152455$CPULBib$Z2$F152455 $H121697 $82 941 1 $a9 996 $6020$a978-88-382-4184-0$9(OLS)http://pul/number/152003 996 $6082$a194$9(OLS)http://pul/classification/382 996 $6245$aMounier :$beredità e prospettive$9(OLS)http://pul/title/168076 996 $6260$aRoma :$bStudium$9(OLS)http://pul/publisher/47892